CAN 2025 - Statistiques

Statistiques générales
  • Ce quiz a été pris 88 fois
  • Le résultat moyen est 9 sur 12
Statistiques - réponses
Hint Réponse % Correct
Combien de buts a inscrits l'Egypte face à la Côte d'ivoire lors du quart de finale ? 3
99%
Quelle équipe est ressortie gagnante du match Tunisie-Mali lors du huitième de finale ? Le Mali
99%
Quelle équipe a terminé à la troisième place ? Le Nigéria
89%
Combien de buts les Comores ont inscrits lors de la phase de poule ? 0
86%
Quel est le score du match de la rencontre en finale ? 1 - 0
86%
Dans quelle ville s'est jouée la finale ? Rabat
84%
Quel joueur a terminé meilleur buteur de l'édition 2025 ? Brahim Diaz
83%
Qui a remporté le trophée d'homme du match lors de la finale ? Pape Gueye
68%
Quel est l'âge du plus jeune joueur de la compétition et qui est devenu le plus jeune buteur de l'histoire de la CAN par la même occasion ? 17 ans
66%
Quelle équipe a éliminé l'Afrique du Sud de la compétition ? Le Cameroun
56%
Comment s'appelle le coach de l'équipe du Nigéria ? Eric Chelle
36%
À quelle figure politique a souhaité rendre hommage le célèbre supporter congolais lors de chaque match de la RDC ? Patrice Lumumba
34%
Aucun quiz correspondant
Distribution des résultats
% des personnes avec chaque résultat
Percentile par nombre de réponses
Votre historique - résultats
Vous n’avez pas pris ce quiz